| 000 | 00883nam a2200289 4500 | ||
|---|---|---|---|
| 001 | 69624 | ||
| 010 | _a9789897226168 | ||
| 021 |
_aPT _b458464/19 |
||
| 090 | _a69624 | ||
| 100 | _a20200220d2019 m y0pory50030103ba | ||
| 101 | 0 | _apor | |
| 102 | _aPT | ||
| 105 | _ay z 000ay | ||
| 106 | _ar | ||
| 200 | 1 |
_aO beco da liberdade _fÁlvaro Laborinho Lúcio |
|
| 210 | 9 |
_aLisboa _cQuetzal _d2019 |
|
| 215 | _a236, [4] p. | ||
| 225 | 2 | _aLíngua comum | |
| 675 |
_a821.134.3-31"19/20" _vBN _zpor |
||
| 700 |
_928730 _aLúcio _bLaborinho _f1941-2025 |
||
| 801 | 0 |
_aPT _bBN _gRPC |
|
| 942 |
_cMON _n0 |
||